| 000 | 00775cam a2200217 4500500 | ||
|---|---|---|---|
| 005 | 20260111080442.0 | ||
| 041 | _afre | ||
| 042 | _adc | ||
| 100 | 1 | 0 |
_aHernu, Paul _eauthor |
| 245 | 0 | 0 | _aLa vérité de l’équilibre budgétaire et des comptes des collectivités locales face à la crise sanitaire |
| 260 | _c2020. | ||
| 500 | _a23 | ||
| 690 | _acrise sanitaire | ||
| 690 | _adépenses d’investissement | ||
| 690 | _adépenses de fonctionnement | ||
| 690 | _adérogations | ||
| 690 | _aéquilibre budgétaire | ||
| 690 | _afinances locales | ||
| 786 | 0 | _nGestion & Finances Publiques | 6 | 6 | 2020-12-09 | p. 28-32 | 1969-1009 | |
| 856 | 4 | 1 | _uhttps://droit.cairn.info/revue-gestion-et-finances-publiques-2020-6-page-28?lang=fr&redirect-ssocas=7080 |
| 999 |
_c1616324 _d1616324 |
||